[Event "Barcelona Tupinamba op 12th"]
[Site "Barcelona"]
[Date "2017.04.26"]
[Round "5.6"]
[White "Vargas Drechsler, Carlos"]
[Black "Vives Bellber, Tomas"]
[Result "1/2-1/2"]
[WhiteElo "1917"]
[BlackElo "1894"]
[PlyCount "46"]
[EventDate "2017.03.22"]
[EventType "swiss"]
[EventRounds "9"]
[EventCountry "ESP"]
[SourceTitle "EXT 2024"]
[Source "ChessBase"]
[SourceDate "2023.10.10"]
[SourceVersion "1"]
[SourceVersionDate "2023.10.10"]
[SourceQuality "1"]

1. d4 Nf6 2. Nf3 e6 3. c4 Bb4+ 4. Nbd2 d5 5. g3 0-0 6. Bg2 Ne4 7. 0-0 Nxd2 8. Nxd2 c6 9. e4 Bxd2 10. Bxd2 dxc4 11. Bc3 Na6 12. a4 Rb8 13. d5 cxd5 14. exd5 f6 15. Qh5 Qe8 16. Qh4 e5 17. Qxc4 Bf5 18. Rfd1 Rc8 19. Qb5 Nc5 20. Qxe8 Rfxe8 21. d6 Red8 22. a5 Be4 23. Bxe4 Nxe4 1/2-1/2

[Event "Barcelona Tupinamba op 12th"]
[Site "Barcelona"]
[Date "2017.04.19"]
[Round "4.6"]
[White "Vives Bellber, Tomas"]
[Black "Dominguez Rueda, Juan"]
[Result "1/2-1/2"]
[WhiteElo "1894"]
[BlackElo "2056"]
[PlyCount "55"]
[EventDate "2017.03.22"]
[EventType "swiss"]
[EventRounds "9"]
[EventCountry "ESP"]
[SourceTitle "EXT 2024"]
[Source "ChessBase"]
[SourceDate "2023.10.10"]
[SourceVersion "1"]
[SourceVersionDate "2023.10.10"]
[SourceQuality "1"]

1. d4 Nf6 2. c4 e6 3. Nf3 Bb4+ 4. Nbd2 d5 5. Qa4+ Nc6 6. a3 Be7 7. e3 0-0 8. Bd3 a6 9. Qc2 Re8 10. b4 Bf8 11. Bb2 g6 12. 0-0 Bg7 13. Rac1 Bd7 14. Rfd1 Qe7 15. h3 Rec8 16. Qb3 Qe8 17. Re1 a5 18. e4 Ne7 19. exd5 exd5 20. Ne5 axb4 21. axb4 Be6 22. c5 Bh6 23. Rcd1 Nd7 24. Ndf3 Nxe5 25. Nxe5 Qa4 26. Bc2 Qa2 27. Ra1 Qxb3 28. Bxb3 1/2-1/2

[Event "Barcelona Sant Marti op-A 18th"]
[Site "Barcelona"]
[Date "2016.07.17"]
[Round "5"]
[White "Castillo Dalmau, Albert"]
[Black "Vives Bellber, Tomas"]
[Result "1-0"]
[WhiteElo "1998"]
[BlackElo "1898"]
[PlyCount "104"]
[EventDate "2016.07.13"]
[EventType "swiss"]
[EventRounds "9"]
[EventCountry "ESP"]
[SourceTitle "CBM 173 Extra"]
[Source "ChessBase"]
[SourceDate "2016.08.29"]
[SourceVersion "1"]
[SourceVersionDate "2016.08.29"]
[SourceQuality "1"]

1. c4 g6 2. g3 Bg7 3. Bg2 c5 4. Nc3 Nc6 5. Nf3 Nf6 6. d4 cxd4 7. Nxd4 0-0 8. 0-0 a6 9. e3 Qc7 10. b3 d6 11. Bb2 Bd7 12. Nc2 Bg4 13. Qd2 Qa5 14. e4 Qh5 15. f3 Bh3 16. Bxh3 Qxh3 17. Ne3 Rfd8 18. Qg2 Qxg2+ 19. Kxg2 Rac8 20. Rf2 h5 21. Rd1 Nb4 22. Rfd2 Nc6 23. Kf2 Bh6 24. f4 Ng4+ 25. Nxg4 hxg4 26. Nd5 Bg7 27. Ne3 Bxb2 28. Rxb2 Kg7 29. Nxg4 Rh8 30. Kg1 Nd8 31. e5 dxe5 32. Nxe5 f6 33. Ng4 Rc7 34. Rbd2 Ne6 35. Ne3 Kf7 36. Kg2 Rhc8 37. Kf3 f5 38. b4 Ng7 39. c5 Nh5 40. Nc4 Nf6 41. Ne5+ Kg7 42. Rd8 Rxd8 43. Rxd8 Ne4 44. Ke3 a5 45. a3 axb4 46. axb4 Nf6 47. Kd4 Ne4 48. Rd7 Rxd7+ 49. Nxd7 Nd2 50. b5 Kf7 51. Ne5+ Ke6 52. b6 Nb3+ 1-0

[Event "Barcelona Ateneu Colon op 7th"]
[Site "Barcelona"]
[Date "2012.03.28"]
[Round "3"]
[White "Pares Peris, Jordi"]
[Black "Vives Bellber, Tomas"]
[Result "1-0"]
[WhiteElo "2149"]
[BlackElo "1964"]
[PlyCount "79"]
[EventDate "2012.03.14"]
[EventType "swiss"]
[EventRounds "9"]
[EventCountry "ESP"]
[SourceTitle "EXT 2013"]
[Source "ChessBase"]
[SourceDate "2012.11.22"]
[SourceVersion "1"]
[SourceVersionDate "2012.11.22"]
[SourceQuality "1"]

1. d4 Nf6 2. c4 g6 3. Nc3 Bg7 4. e4 d6 5. Be2 0-0 6. Nf3 e5 7. Be3 Ng4 8. Bg5 f6 9. Bh4 Nh6 10. 0-0 Nc6 11. d5 Ne7 12. Nd2 g5 13. Bg3 Ng6 14. b4 f5 15. f3 Nf4 16. c5 Nxe2+ 17. Qxe2 f4 18. Bf2 g4 19. Rfc1 Rf7 20. cxd6 cxd6 21. Rc2 Bf8 22. Kh1 Rg7 23. Rac1 g3 24. Bg1 Bh3 25. hxg3 Rxg3 26. gxh3 Nf7 27. Bh2 Rxh3 28. Qg2+ Ng5 29. Rg1 Rh5 30. Qg4 Qe8 31. Nb5 Qf7 32. Nc7 Rb8 33. Ne6 h6 34. Qf5 Be7 35. Rc7 Qxf5 36. exf5 Kf7 37. Ne4 Rxh2+ 38. Kxh2 Nxf3+ 39. Kh1 Nxg1 40. Kxg1 1-0